00354 a2200097 4500001001000000005001700010008004100027245004300068100002300111773012200134ART_4323720260410161737.0260409a 10aAnálisis integral de la rentabilidad1 aWajchman, Mauricio0 tEjecutivos de finanzasgLiderazgo ejecutivo. Cambios...en el cambio de siglo - Año 13, Nº 139 (sep. 1997)wREV2863